Musset un romantique né classique. (notice nᵒ 32149)
[ vue normale ]
| 000 -LEADER | |
|---|---|
| fixed length control field | 00617 a2200193 4500 |
| 001 - CONTROL NUMBER | |
| control field | OJ-litteratures-1956 |
| 003 - CONTROL NUMBER IDENTIFIER | |
| control field | FrMaCLE |
| 005 - DATE AND TIME OF LATEST TRANSACTION | |
| control field | 20251214085653.0 |
| 007 - PHYSICAL DESCRIPTION FIXED FIELD--GENERAL INFORMATION | |
| fixed length control field | cu ||||||m|||| |
| 008 - FIXED-LENGTH DATA ELEMENTS--GENERAL INFORMATION | |
| fixed length control field | 200106e||||||||xx |||||s|||||||||0|fr|d |
| 024 7# - OTHER STANDARD IDENTIFIER | |
| Standard number or code | 10.4000/litteratures.1956 |
| Source of number or code | doi |
| 040 ## - CATALOGING SOURCE | |
| Original cataloging agency | FR-FrMaCLE |
| 100 1# - MAIN ENTRY--PERSONAL NAME | |
| Personal name | Ledda, Sylvain |
| 245 10 - TITLE STATEMENT | |
| Title | Musset un romantique né classique. |
| 260 ## - PUBLICATION, DISTRIBUTION, ETC. | |
| Date of publication, distribution, etc. | 2020 |
| 540 ## - TERMS GOVERNING USE AND REPRODUCTION NOTE | |
| Terms governing use and reproduction | CC-BY-NC-ND-4.0 |
| Uniform Resource Identifier | <a href="https://creativecommons.org/licenses/by-nc-nd/4.0/">https://creativecommons.org/licenses/by-nc-nd/4.0/</a> |
| 700 1# - ADDED ENTRY--PERSONAL NAME | |
| Personal name | Lestringant, Franck |
| 856 4# - ELECTRONIC LOCATION AND ACCESS | |
| Uniform Resource Identifier | <a href="https://journals.openedition.org/litteratures/1956">https://journals.openedition.org/litteratures/1956</a> |
| Link text | Musset un romantique né classique |
Pas d'exemplaire disponible.
